Накопление катионных френнелевских дефектов в щелочногалоидных кристаллах под действием электронного облучения: диссертация на соискание ученой степени кандидата физико-математических наук; спец. 01.04.07

Manylion Llyfryddiaeth
Prif Awdur: Биплер В. К. Владимир Константинович
Awdur Corfforaethol: Томский политехнический институт (ТПИ)
Awduron Eraill: Завадовская Е. К. Екатерина Константиновна (научный руководитель), Анненков Ю. М. Юрий Михайлович
Iaith:Rwseg
Cyhoeddwyd: Томск, [Б. и.], 1977
Pynciau:
Fformat: MixedMaterials Llyfr
KOHA link:https://koha.lib.tpu.ru/cgi-bin/koha/opac-detail.pl?biblionumber=340061

MARC

LEADER 00000nbm0a2200000 4500
001 340061
005 20231102005212.0
035 |a (RuTPU)RU\TPU\book\366627 
090 |a 340061 
100 |a 20180209d1977 k y0rusy50 ca 
101 0 |a rus 
102 |a RU 
105 |a a m 001zy 
200 1 |a Накопление катионных френнелевских дефектов в щелочногалоидных кристаллах под действием электронного облучения  |e диссертация на соискание ученой степени кандидата физико-математических наук  |e спец. 01.04.07  |f В. К. Биплер  |g Томский политехнический институт (ТПИ) ; науч. рук. Е. К. Завадовская , Ю. М. Анненков 
210 |a Томск  |c [Б. и.]  |d 1977 
215 |a 170 л.  |c ил. 
320 |a Библиогр.: с. 160-166 (134 назв.) 
606 1 |a Щелочно-галоидные кристаллы  |x Дефекты  |2 stltpush  |3 (RuTPU)RU\TPU\subj\80319  |9 88044 
606 1 |a Щелочно-галоидные кристаллы  |x Действие ионизирующих излучений  |2 stltpush  |3 (RuTPU)RU\TPU\subj\80305  |9 88030 
610 1 |a щелочно-галоидные кристаллы 
610 1 |a радиационные дефекты 
610 1 |a стабилизация 
610 1 |a катионные вакансии 
610 1 |a центры окраски 
610 1 |a диссертации 
610 1 |a труды учёных ТПУ 
675 |a 548.312(04)  |v 4 
675 |a 548.4(04)  |v 4 
686 |a 01.04.07  |2 oksvnk 
700 1 |a Биплер  |b В. К.  |g Владимир Константинович 
702 1 |a Завадовская  |b Е. К.  |c российский физик  |c профессор кафедры физики твердого тела Томского политехнического института  |f 1913-2004  |g Екатерина Константиновна  |2 stltpush  |3 (RuTPU)RU\TPU\pers\19787  |4 727 
702 1 |a Анненков  |b Ю. М.  |c физик  |c профессор Томского политехнического университета, доктор физико-математических наук  |f 1940-  |g Юрий Михайлович  |2 stltpush  |3 (RuTPU)RU\TPU\pers\25662  |4 727 
712 0 2 |a Томский политехнический институт (ТПИ)  |c (1944-1991)  |2 stltpush  |3 (RuTPU)RU\TPU\col\1123 
801 1 |a RU  |b 63413507  |c 20180209 
801 2 |a RU  |b 63413507  |c 20200825  |g RCR 
942 |c BK